¿La resurrección del intelectual público?: nuevos espacios de intervención pública y el intelectual colectivo . = The Resurrection of the public intellectual? new spaces for public intervention and the collective intellectual . A ressurreicao do intelectu /

Inspirado en Pierre Bourdieu, este trabajo continúa con la afirmación de que hay una reciente aparición de nuevos espacios públicos de intervención, en los que intelectuales colectivos actúan dentro de redes de análisis crítico que resisten la imposición de una ideología neoliberal

Gorde:
Xehetasun bibliografikoak
Egile nagusia: Oslender, Ulrich
Formatua: Texto
Gaiak:
Etiketak: Etiketa erantsi
Etiketarik gabe, Izan zaitez lehena erregistro honi etiketa jartzen!

MARC

LEADER 00000 a a2200000 04500
001 18393
003
040
100 |a Oslender, Ulrich  
245 |a ¿La resurrección del intelectual público?: nuevos espacios de intervención pública y el intelectual colectivo . =   |b The Resurrection of the public intellectual? new spaces for public intervention and the collective intellectual . A ressurreicao do intelectu /  |c Ulrich Oslender  
520 |a Inspirado en Pierre Bourdieu, este trabajo continúa con la afirmación de que hay una reciente aparición de nuevos espacios públicos de intervención, en los que intelectuales colectivos actúan dentro de redes de análisis crítico que resisten la imposición de una ideología neoliberal  
650 |a INTELECTUALES  
650 |a MEDIOS DE COMUNICACION  
650 |a MOVIMIENTOS SOCIALES  
773 |g número 7; páginas 341-355  
999 |c 20244  |d 20244